• 首页
  • 本馆介绍
  • 公告通知
  • 最新文献
  • 馆藏检索
  • 电子资源
  • 读者导购
  • 参考咨询
  • 我的图书馆
  • 登录
  • 详细信息显示
  • 放入我的书架
  • 预约/预借图书
  • 作者相关作品
  • 分类相关作品
  • 丛书相关作品
  • 出版社相关作品

书目信息

  • 表格格式
  • 工作单格式
  • 卡片格式
题名:
《金瓶梅》评点
    
 
作者: 张竹坡 著 ;田秉锷 , 康明超 编
分册:  
出版信息: 北京   中国文史出版社  2017
页数: 215页
开本: 24cm
丛书名: 徐州明清十人文萃
单 册:
中图分类: I207.419
科图分类:
主题词:
电子资源:
ISBN: 978-7-5034-8488-9
000 01069oam2 2200289 450
001 2159240545
005 20210926145307.0
010    @a978-7-5034-8488-9@dCNY38.00
100    @a20170302d2017 em y0chiy0120 ea
101 0  @achi
102    @aCN@b110000
105    @ay z 000yy
106    @ar
200 1  @a《金瓶梅》评点@Ajin ping mei ping dian@f(清)张竹坡著@g田秉锷,康明超编
210    @a北京@c中国文史出版社@d2017
215    @a215页@d24cm
225 2  @a徐州明清十人文萃@Axu zhou ming qing shi ren wen cui@i张竹坡集@f李荣启主编
330    @a本书对《金瓶梅》进行了详细的评点。全书共分三章,主要内容包括:金瓶梅总论;分回总评;《金瓶梅》夹批、旁批选摘,还附录了:仲兄竹坡传和司城张公传。
461  0 @12001 @a徐州明清十人文萃@i张竹坡集
462  0 @12001 @a张竹坡集
605    @a《金瓶梅》@Ajin ping mei@x小说研究
690    @aI207.419@v5
701  0 @a张竹坡@Azhang zhu po@c(1670~1698)@4著
702  0 @a田秉锷@Atian bing e@c(教授)@4编
702  0 @a康明超@Akang ming chao@4编
801  0 @aCN@b百万庄@c20210925
905    @b1298908-911@dI207.419@e1007@f4
    
    《金瓶梅》评点/(清)张竹坡著/田秉锷,康明超编.-北京:中国文史出版社,2017
    215页;24cm.-(徐州明清十人文萃.张竹坡集/李荣启主编)
    
    
    ISBN 978-7-5034-8488-9:CNY38.00
    本书对《金瓶梅》进行了详细的评点。全书共分三章,主要内容包括:金瓶梅总论;分回总评;《金瓶梅》夹批、旁批选摘,还附录了:仲兄竹坡传和司城张公传。
●
相关链接 在E读中查询图书 在五车中查询图书 在当当中查询图书 在豆瓣中查询图书


正题名:《金瓶梅》评点     索取号:I207.419/1007         预约/预借

序号 登录号 条形码 馆藏地/架位号 状态 备注
1 1298908   212989088   第一样本阅览室/ [索取号:I207.419/1007] 在馆    
2 1298909   212989097   第二借阅区/ [索取号:I207.419/1007] 在馆    
3 1298910   212989104   第二借阅区/ [索取号:I207.419/1007] 在馆    
4 1298911   212989113   第二借阅区/ [索取号:I207.419/1007] 在馆    
唐山师范学院图书馆 欢迎您!
大连网信软件有限公司© 版权所有